000 00248nam a2200121Ia 4500
100 _aRao/B.V.N.
942 _cBK
654 _aPhysics.
245 _aModern Physics.
260 _bWiley eastern
_aNew Delhi
_c1993
546 _aENGLISH
999 _c24472
_d24472